| 000 | 01092nas a2200349 4500 | ||
|---|---|---|---|
| 001 | BR2014000386 | ||
| 003 | BR-BrBNA | ||
| 005 | 20231205123609.0 | ||
| 007 | ta | ||
| 008 | 230509b bl.|||p| |||| 00| 00por d | ||
| 040 |
_aBR-BrBNA _bpor _cBiblioteca Nacional de Agricultura |
||
| 041 | _a(Pt) | ||
| 072 | _aM12 | ||
| 100 | 1 | _aSalvador, R. | |
| 100 | 1 | _aClaudiano, G. da S. | |
| 100 | 1 | _aLoureiro, B.A. | |
| 100 | 1 | _aMarcusso, P.F. | |
| 100 | 1 | _aEto, S.F. | |
| 100 | 1 | _aPilarski, F. | |
| 100 | 1 | _aToazza, C.S. | |
| 100 | 1 | _aMoraes, J.R.E. de | |
| 100 | 1 | _aMoraes, F.R. de | |
| 245 | 1 | _aDesempenho e hematologia de tilápias-do-nilo alimentadas com Saccharomyces cerevisiae e vacinadas contra Streptococcus agalactiae | |
| 650 | _aTILÁPIA NILÓTICA | ||
| 650 | _aALIMENTAÇÃO | ||
| 650 | _aSACCHAROMYCES CEREVISIAE | ||
| 650 | _aLEVEDO | ||
| 650 | _aSUPLEMENTO ALIMENTAR | ||
| 773 | 0 |
_tPesquisa Agropecuária Brasileira (Brazil) _xISSN 0100-204X _g(Aug 2013), v. 48(8) p. 892-898 _wBR2014000386 |
|
| 909 |
_a202311 _bLúcia _c55 _dLúcia Elande |
||
| 942 |
_2AGRIS _n0 _cANA |
||
| 999 |
_c234701 _d234701 |
||